000 00447nam a2200193Ia 4500
005 20240823051511.0
008 240823s9999||||xx |||||||||||||| ||und||
020 _a81-8379-500-5
041 _aENGLISH
082 _A954.0317 P7
100 _aGopalakrishnan S
245 4 _aThe South Indian Rebellions
250 _a1st
260 _c2007
_bPalaniappa Bro
500 _aYES
650 _aGeneral
_bGeneral
942 _cBK
999 _c219728
_d219728